000 01625nam a2200361Ia 4500
001 ebr10409305
003 CaPaEBR
006 m u
007 cr cn|||||||||
008 100728s2010 nsca sb 001 0 eng d
020 _z1552663701 (Fernwood pub.)
020 _z1842779109 (Zed books : hbk.)
020 _z1842779117 (Zed books : pbk.)
020 _z9781552663707 (Fernwood pub.)
020 _z9781842779101 (Zed books : hbk.)
020 _z9781842779118 (Zed books : pbk.)
040 _aCaPaEBR
_cCaPaEBR
035 _a(OCoLC)664426532
050 1 4 _aHC60
_b.M24 2010eb
100 1 _aMacLachlan, Malcolm.
245 1 4 _aThe aid triangle
_h[electronic resource] :
_brecognizing the human dynamics of dominance, justice and identity /
_cMalcolm MacLachlan, Stuart C. Carr and Eilish McAuliffe.
260 _aHalifax, N.S. :
_bFernwood Pub. ;
_aLondon ;
_aNew York :
_bZed Books ;
_aNew York :
_bDistributed in the USA by Palgrave Macmillan,
_c2010.
300 _a172 p. :
_bill.
504 _aIncludes bibliographical references (p. [154]-166) and index.
533 _aElectronic reproduction.
_bPalo Alto, Calif. :
_cebrary,
_d2010.
_nAvailable via World Wide Web.
_nAccess may be limited to ebrary affiliated libraries.
650 0 _aEconomic assistance
_xPolitical aspects.
650 0 _aEconomic assistance
_xSociological aspects.
655 7 _aElectronic books.
_2local
700 1 _aCarr, Stuart C.
700 1 _aMc Auliffe, Eilish.
710 2 _aebrary, Inc.
856 4 0 _uhttp://site.ebrary.com/lib/rucke/Doc?id=10409305
_zAn electronic book accessible through the World Wide Web; click to view
999 _c80335
_d80335